|
|
|
|
| LEADER |
007880000a22002650004500 |
| 020 |
|
|
|a 0-713-99853-9
|
| 082 |
|
|
|a 938 P5
|
| 100 |
|
|
|a Fox, Robin Lane; Author
|
| 245 |
|
|
|a The classical world: an epic history from Homer to Hadrian
|
| 250 |
|
|
|
| 260 |
|
|
|a London, Allen Lane
|
| 260 |
|
|
|c 2005
|
| 460 |
|
|
|a xvi,694p
|
| 465 |
|
|
|a Rs.1,512.00
|
| 500 |
|
|
|a Includes bibliographical references and index
|
| 500 |
|
|
|a Robin Lane Fox
|
| 650 |
|
|
|a Civilization, Classical
|
| 650 |
|
|
|a Greece
|
| 650 |
|
|
|a Hadrian, Emperer of Rome
|
| 650 |
|
|
|a History
|
| 650 |
|
|
|a Homer
|
| 650 |
|
|
|a Rome
|
| 942 |
|
|
|c BK
|
| 999 |
|
|
|c 35612
|d 35612
|
| 952 |
|
|
|0 0
|1 0
|4 0
|6 938_000000000000000_P5
|7 0
|8 ENG
|9 36020
|a MGUL
|b MGUL
|d 2013-07-16
|e Rs.1,512.00
|l 1
|o 938 P5
|p 35728
|r 2018-05-07
|s 2018-04-27
|w 2013-07-16
|y BK
|